The New Rules on Bank Remuneration Policies Reception by the Three Major Italian Banking Groups

Systémy odmeňovania a motivácie výkonných riadiacich pracovníkov. Európske spoločenstvo a talianske regulačné orgány zaviedli nové systémy odmeňovania. Aktualizácia "Circolare č. 285 zo 17. decembra 2013" Vplyv týchto pravidiel na tri najväčšie skupiny talianskych bánk.

Saved in:
Bibliographic Details
Main Author: Gaizo, Angela
Other Authors: Risaliti, Gianluca, Rotili, Marco
Format: Book Chapter
Language:English
Subjects:
Tags: Add Tag
No Tags, Be the first to tag this record!

MARC

LEADER 00000nla a2200000 4500
001 0243959
005 20220803170647.8
041 0 |a eng 
044 |a MK 
245 1 0 |a The New Rules on Bank Remuneration Policies Reception by the Three Major Italian Banking Groups  |c Angela Gaizo, Gianluca Risaliti, Marco Rotili 
520 |a Systémy odmeňovania a motivácie výkonných riadiacich pracovníkov. Európske spoločenstvo a talianske regulačné orgány zaviedli nové systémy odmeňovania. Aktualizácia "Circolare č. 285 zo 17. decembra 2013" Vplyv týchto pravidiel na tri najväčšie skupiny talianskych bánk. 
610 2 0 |a Taliansko 
610 2 0 |a banky 
610 2 0 |a odmeňovanie 
610 2 0 |a systémy plánovania automatizované 
610 2 0 |a regulácia 
610 2 0 |a regulácia finančná 
610 2 0 |a Európske spoločenstvá 
610 2 0 |a Európsky ekonomický priestor 
100 1 |a Gaizo, Angela 
700 1 |a Risaliti, Gianluca 
700 1 |a Rotili, Marco